Southville International School and Colleges
Your cart is empty.
  • Cart
  • Lists
    Public lists Eva Luna New books Lux_list list_1
    Your lists Log in to create your own lists
  • Log in to your account
  • Your cookies
  • Search history
Southville International School and Colleges
  • Advanced search
  • Recent comments
  • Most popular
  • Libraries

Log in to your account

Log in with GOOGLE


If you do not have an external account, but do have a local account, you can still log in:

  1. Home
  2. MARC view: Human resource management /
Normal view MARC view ISBD view

Human resource management / (Record no. 25032)

[ view plain ]
MARC details
000 -LEADER
fixed length control field 00648nam a2200229 a 4500
003 - CONTROL NUMBER IDENTIFIER
control field OSt
005 - DATE AND TIME OF LATEST TRANSACTION
control field 20140506134609.0
008 - FIXED-LENGTH DATA ELEMENTS--GENERAL INFORMATION
fixed length control field 111114s19uu xx 00 eng d
020 ## - INTERNATIONAL STANDARD BOOK NUMBER
International Standard Book Number 9789812533128
050 ## - LIBRARY OF CONGRESS CALL NUMBER
Classification number HF 5549
Item number .D396 2010
100 ## - MAIN ENTRY--PERSONAL NAME
Personal name DeCenzo, David A.
245 ## - TITLE STATEMENT
Title Human resource management /
Statement of responsibility, etc David A. DeCenzo, Stephen P. Robbins.
250 ## - EDITION STATEMENT
Edition statement 10th ed.
260 ## - PUBLICATION, DISTRIBUTION, ETC. (IMPRINT)
Place of publication, distribution, etc New Jersey :
Name of publisher, distributor, etc John Wiley & Sons,
Date of publication, distribution, etc c2010.
300 ## - PHYSICAL DESCRIPTION
Extent xix. 410 p. :
Other physical details ill. ;
Dimensions 25 cm.
521 ## - TARGET AUDIENCE NOTE
Target audience note
650 ## - SUBJECT ADDED ENTRY--TOPICAL TERM
Topical term or geographic name as entry element Personnel management
650 ## - SUBJECT ADDED ENTRY--TOPICAL TERM
Topical term or geographic name as entry element Human resource management
700 ## - ADDED ENTRY--PERSONAL NAME
Personal name Robbins, Stephen P.
942 ## - ADDED ENTRY ELEMENTS (KOHA)
Koha item type Books
Source of classification or shelving scheme Library of Congress Classification
Holdings
Withdrawn status Lost status Source of classification or shelving scheme Damaged status Home library Current library Shelving location Date acquired Total Checkouts Total Renewals Full call number Barcode Date last seen Date checked out Copy number Koha item type
    Library of Congress Classification   College Library College Library General Circulation Section 11/14/2011 1 9 HF 5549 .D396 2010 C14099 05/15/2018 12/04/2014 1 Books

Human resource management /

APA

DeCenzo D. A., Robbins S. P., . (2010). Human resource management. New Jersey: John Wiley & Sons.

Chicago

DeCenzo David A, Robbins Stephen P, . 2010. Human resource management. New Jersey: John Wiley & Sons.

Harvard

DeCenzo D. A., Robbins S. P., . (2010). Human resource management. New Jersey: John Wiley & Sons.

MLA

DeCenzo David A, Robbins Stephen P, . Human resource management. New Jersey: John Wiley & Sons. 2010.

  • Place hold
  • Print
  • Cite
  • Add to your cart (remove)
  • Save record
    BIBTEX Dublin Core MARCXML MARC (non-Unicode/MARC-8) MARC (Unicode/UTF-8) MARC (Unicode/UTF-8, Standard) MODS (XML) RIS
  • More searches
    Search for this title in:
    Other Libraries (WorldCat) Other Databases (Google Scholar) Online Stores (Bookfinder.com) Open Library (openlibrary.org)

Exporting to Dublin Core...

SOUTHVILLE LIBRARY

Southville International School and Colleges Library

1281 Tropical Ave. Cor. Luxembourg St., BF Homes International, Las Pinas City

Tel. No. 8256374 / 252358 Loc. 117/146

Powered by Koha